Bharatar uttar-purbanchalar lok-sanskriti (Record no. 8161)

MARC details
000 -LEADER
fixed length control field 00469cam a2200193ua 4500
001 - CONTROL NUMBER
control field 9078
005 - DATE AND TIME OF LATEST TRANSACTION
control field 20260515114426.0
008 - FIXED-LENGTH DATA ELEMENTS--GENERAL INFORMATION
fixed length control field 150220n ii |||gr||||Z||||||asm
040 ## - CATALOGING SOURCE
Transcribing agency MAIN
041 ## - LANGUAGE CODE
Language code of text/sound track or separate title asm
082 ## - DEWEY DECIMAL CLASSIFICATION NUMBER
Classification number 398.05416
100 ## - MAIN ENTRY--PERSONAL NAME
Personal name Sharma, N., Ch.,
Relator term Author.
245 1# - TITLE STATEMENT
Title Bharatar uttar-purbanchalar lok-sanskriti
Statement of responsibility, etc. By Nabin Chandra Sharma
250 ## - EDITION STATEMENT
Edition statement 1st.
260 ## - PUBLICATION, DISTRIBUTION, ETC.
Place of publication, distribution, etc. Guwahati:
Name of publisher, distributor, etc. Bani,
Date of publication, distribution, etc. 2003.
300 ## - PHYSICAL DESCRIPTION
Extent 248p.
653 ## - INDEX TERM--UNCONTROLLED
Uncontrolled term Folklore
942 ## - ADDED ENTRY ELEMENTS (KOHA)
Koha item type Books
Holdings
Withdrawn status Lost status Damaged status Not for loan Home library Current library Shelving location Date acquired Total checkouts Full call number Barcode Date last seen Copy number Price effective from Koha item type
        Naharkatiya College Library Naharkatiya College Library General stacks 09/19/2020   398.05416 | SHA 21027 09/19/2020 1 09/19/2020 Books
        Naharkatiya College Library Naharkatiya College Library General stacks 09/19/2020   398.05416 | SHA 21028 09/19/2020 2 09/19/2020 Books
        Naharkatiya College Library Naharkatiya College Library General stacks 09/19/2020   398.05416 | SHA 21029 09/19/2020 3 09/19/2020 Books